Statistics for Newcastle Current Squad

Click here to take the quiz!

General Stats

  • This quiz has been taken 6 times
  • The average score is 10 of 40

Answer Stats

#PositionNationPlayer Name% Correct
14FWSwedenAlexander Isak
80%
2DFEnglandKieran Trippier
80%
8MFItalySandro Tonali
80%
10FWEnglandAnthony Gordon
60%
39MFBrazilBruno Guimarães
60%
9FWEnglandCallum Wilson
60%
33DFEnglandDan Burn
60%
24MFParaguayMiguel Almirón
60%
22GKEnglandNick Pope
60%
5DFSwitzerlandFabian Schär
40%
15MFEnglandHarvey Barnes
40%
6DFEnglandJamaal Lascelles
40%
19DFSpainJavier Manquillo
40%
7MFBrazilJoelinton
40%
1GKSlovakiaMartin Dúbravka
40%
4DFNetherlandsSven Botman
40%
23MFEnglandJacob Murphy
20%
18GKGermanyLoris Karius
20%
11MFScotlandMatt Ritchie
20%
36MFEnglandSean Longstaff
20%
21DFEnglandToni Livramento
20%
-CoachEnglandEddie Howe
0%
32MFEnglandElliot Anderson
0%
17DFSwedenEmil Krafth
0%
-FWAustraliaGarang Kuol
0%
30DFScotlandHarrison Ashby
0%
-MFEnglandIsaac Hayden
0%
12DFNorthern IrelandJamal Lewis
0%
-MFIrelandJeff Hendrick
0%
28MFEnglandJoe Willock
0%
31DFEnglandKelland Watts
0%
20DFEnglandLewis Hall
0%
67MFEnglandLewis Miley
0%
29GKEnglandMark Gillespie
0%
-DFEnglandMatthew Bondswell
0%
13DFEnglandMatt Targett
0%
3DFWalesPaul Dummett
0%
-FWPeruRodrigo Vilca
0%
-MFScotlandRyan Fraser
0%
-FWGambiaYankuba Minteh
0%

Score Distribution

Percentile by Number Answered

Percent of People with Each Score

Your Score History

You have not taken this quiz